| Tag |
First Indicator |
Second Indicator |
Subfields |
| LEADER |
00000cam a2200000 4500 |
| 001 |
in00000058790 |
| 005 |
20151008050459.0 |
| 008 |
720526s1961 nyu b 00000 eng u |
| 010 |
|
|
|a 61015957
|
| 035 |
|
|
|a (OCoLC)00319063
|
| 035 |
|
|
|9 AAG1289AM
|
| 040 |
|
|
|c CSU
|d OCL
|d TXA
|d UtOrBLW
|
| 049 |
|
|
|a TXAM
|c [346131]
|
| 050 |
|
0 |
|a HA40.E3
|b B55
|
| 092 |
|
|
|a 330.83
|b B661u
|
| 100 |
1 |
|
|a Blyth, Conrad.
|
| 245 |
1 |
4 |
|a The use of economic statistics.
|
| 264 |
|
1 |
|a New York :
|b Praeger,
|c [1961]
|
| 300 |
|
|
|a 249p :
|b illustrations ;
|c 23cm.
|
| 336 |
|
|
|a text
|b txt
|2 rdacontent
|
| 337 |
|
|
|a unmediated
|b n
|2 rdamedia
|
| 338 |
|
|
|a volume
|b nc
|2 rdacarrier
|
| 490 |
1 |
|
|a Minerva series of students' handbooks,
|v no.5
|
| 504 |
|
|
|a Includes bibliography.
|
| 650 |
|
0 |
|a Statistics.
|
| 830 |
|
0 |
|a Minerva series of students' handbooks ;
|v no.5.
|
| 999 |
|
|
|a MARS
|
| 999 |
f |
f |
|s a63cde87-e938-3b7b-8442-8f48a8d5ebcd
|i 11ba48ee-fba3-341b-9670-013717e3dfe0
|t 0
|
| 952 |
f |
f |
|p ric
|a Texas A&M University
|b Rellis Campus
|c Joint Library Facility
|d Remote Storage
|t 0
|e HA40.E3 B55
|h Library of Congress classification
|i unmediated -- volume
|m A14800697498
|
| 998 |
f |
f |
|a HA40.E3 B55
|t 0
|l Remote Storage
|